النظام القانوني لإنقضاء الدعوي الأدارية من دون الحكم بالموضوع : (رقم التسجيلة. 41378)

تفاصيل مارك
000 -الفاتح
حقل البيانات ثابتة الطول 01140nam a22002537a 4500
003 - محدد رقم الضبط
رقم الضبط OSt
005 - وقت وتاريخ اخر تعامل مع التسجيلة
رقم الضبط 20180327155451.0
008 - عناصر البيانات ثابتة الطول - معلومات عامة
حقل البيانات ثابتة الطول 170817s2018 ua g b 000 0 ara d
020 ## - الرقم الدولى المعيارى للكتب
الرقم الدولى المعيارى للكتاب 9789776567641
040 ## - مصدر الفهرسة
وكالة الفهرسة الأصلية Ma-Un
لغة الفهرسة ara
وكالة النسخ Dar Arab
082 04 - رقم تصنيف ديوى العشرى
رقم الطبعة 21
رقم التصنيف 342.567066
رقم المادة ز م ن
100 1# - المدخل الرئيسى - إسم شخصى
الإسم الشخصى الزبيدي، محمود عبد علي حميد
9 (RLIN) 60803
245 12 - بيان العنوان
العنوان النظام القانوني لإنقضاء الدعوي الأدارية من دون الحكم بالموضوع :
بقية العنوان دراسة مقارنة /
بيان المسئوليه,etc محمود عبد علي حميد الزبيدي.
250 ## - بيان الطبعة
بيان الطبعة ط. 1.
260 ## - PUBLICATION, DISTRIBUTION, ETC. (IMPRINT)
مكان الناشر او الموزع القاهرة :
اسم الناشر او الموزع المركز العربي للدراسات والبحوث العلمية،
تاريخ النشر أو التوزيع 2018.
300 ## - الوصف المادى
التعداد 586 ص. ؛
أبعاد الوعاء 24 سم.
504 ## - تبصرة ببليوجرافية
تبصرة ببليوجرافية,الخ يشتمل علي إرجاعات ببليوجرافية.
504 ## - تبصرة ببليوجرافية
تبصرة ببليوجرافية,الخ ببليوجرافية : ص. 539-572.
650 #4 - المدخل الاضافى بالموضوع-مصطلح موضوعى
مصطلح موضوعي أو اسم جغرافي كعنصر مدخل القرارات الإدارية
التقسيم الفرعي العام قوانين وتشريعات
التقسيم الفرعي الجغرافي العراق
9 (RLIN) 54048
650 #4 - المدخل الاضافى بالموضوع-مصطلح موضوعى
مصطلح موضوعي أو اسم جغرافي كعنصر مدخل القانون الإداري
التقسيم الفرعي الجغرافي العراق
9 (RLIN) 60804
942 ## - عناصر المدخل الإضافي( كوها)
Koha [default] item type كتاب
949 ## - معلومات معالجة محلية(OCLC)
a ALGU
d 15/05/2009
i DA8707-8
n 1
u system.
949 ## - معلومات معالجة محلية(OCLC)
a ARUC
n 1
d 2011/9/11
u training
المقتنيات
حالة الفقد نموذج السعر الفعال حالة تلف ليس للاعارة رقم الطلب رقم النسخة تاريخ الاكتساب الموقع الحالي الباركود الفرع الرئيسي Date last seen نوع المادة فى نظام كوها مصدر التصنيف او خطة الترفيف Total Checkouts
  2018-03-27   Not For Loan 342.567066 ز م ن 1 2018-03-27 المكتبة المركزية بالمجمعة (CL) 00239054 المكتبة المركزية بالمجمعة (CL) 2018-03-27 كتاب Dewey Decimal Classification  
  2018-03-27     342.567066 ز م ن 2 2018-03-27 المكتبة المركزية بالمجمعة (CL) 00239055 المكتبة المركزية بالمجمعة (CL) 2018-03-27 كتاب Dewey Decimal Classification  
  2018-03-27     342.567066 ز م ن 3 2018-03-27 المكتبة المركزية بالمجمعة (CL) 00239056 المكتبة المركزية بالمجمعة (CL) 2018-03-27 كتاب Dewey Decimal Classification  
  2018-12-30     342.567066 ز م ن   2018-12-30 كلية الشريعة والقانون - طالبات 00805542 كلية الشريعة والقانون - طالبات 2018-12-30 كتاب Dewey Decimal Classification  
  2018-12-30     342.567066 ز م ن   2018-12-30 كلية الشريعة والقانون - طالبات 00805543 كلية الشريعة والقانون - طالبات 2018-12-30 كتاب Dewey Decimal Classification  
  2018-03-27   Not For Loan 342.567066 ز م ن 1 2018-03-27 كلية الشريعة والقانون - طلاب 00239059 كلية الشريعة والقانون - طلاب 2018-03-27 كتاب Dewey Decimal Classification  
  2018-03-27     342.567066 ز م ن 2 2018-03-27 كلية الشريعة والقانون - طلاب 00239060 كلية الشريعة والقانون - طلاب 2018-03-27 كتاب Dewey Decimal Classification  
  2018-12-30     342.567066 ز م ن   2018-12-30 مكتبة كلية التمريض - طالبات (CNF) 00805445 مكتبة كلية التمريض - طالبات (CNF) 2018-12-30 كتاب Dewey Decimal Classification  
  2018-12-30     342.567066 ز م ن   2018-12-30 مكتبة كلية التمريض - طالبات (CNF) 00805446 مكتبة كلية التمريض - طالبات (CNF) 2018-12-30 كتاب Dewey Decimal Classification  
  2018-12-30     342.567066 ز م ن   2018-12-30 مكتبة كلية العلوم و الدراسات الإنسانية برماح - طالبات (SRF) 00805544 مكتبة كلية العلوم و الدراسات الإنسانية برماح - طالبات (SRF) 2018-12-30 كتاب Dewey Decimal Classification  
  2018-12-30     342.567066 ز م ن   2018-12-30 مكتبة كلية العلوم و الدراسات الإنسانية برماح - طالبات (SRF) 00805545 مكتبة كلية العلوم و الدراسات الإنسانية برماح - طالبات (SRF) 2018-12-30 كتاب Dewey Decimal Classification  
  2018-12-30     342.567066 ز م ن   2018-12-30 مكتبة كلية العلوم و الدراسات الإنسانية برماح - طلاب (SRM) 00805546 مكتبة كلية العلوم و الدراسات الإنسانية برماح - طلاب (SRM) 2018-12-30 كتاب Dewey Decimal Classification  
  2018-03-27   Not For Loan 342.567066 ز م ن 1 2018-03-27 مكتبة مجمع الكليات بالزلفى - طلاب (SZM) 00239057 مكتبة مجمع الكليات بالزلفى - طلاب (SZM) 2018-03-27 كتاب Dewey Decimal Classification  
  2018-03-27     342.567066 ز م ن 2 2018-03-27 مكتبة مجمع الكليات بالزلفى - طلاب (SZM) 00239058 مكتبة مجمع الكليات بالزلفى - طلاب (SZM) 2018-03-27 كتاب Dewey Decimal Classification